000 00398nam a2200145 i 4500
001 bg
100 1 _aŻYDANOWICZ, Józef
245 0 _aAutomatyka zabezpieczeniowa w elektroenergetyce /
_cJózef Żydanowicz, Marian Namiotkiewicz.
260 _aWarszawa,
_c1983.
700 1 _aNAMIOTKIEWICZ, Marian
040 _cBPK
041 _apol
942 _cKS
008 s pl f |000 0 pol
999 _c21948
_d21948
856 _uhttp://koha.tu.koszalin.pl/cgi-bin/koha/opac-detail.pl?biblionumber=21948
_yKatalog online BPK